La evasión tributaria / (Registro nro. 5951)

Detalles MARC
000 -LEADER
fixed length control field 01054nam a2200277Ia 4500
003 - CONTROL NUMBER IDENTIFIER
control field OSt
005 - DATE AND TIME OF LATEST TRANSACTION
control field 20200909181829.0
008 - FIXED-LENGTH DATA ELEMENTS--GENERAL INFORMATION
fixed length control field 191128s1967 ag gr 000 0 spa d
040 ## - CATALOGING SOURCE
Original cataloging agency CO-JMCR
Transcribing agency CO-JMCR
041 1# - LANGUAGE CODE
Language code of text/sound track or separate title spa
Language code of original ita
082 04 - DEWEY DECIMAL CLASSIFICATION NUMBER
Classification number 364.133 /
Item number G367e
Edition number 23
100 1# - MAIN ENTRY--PERSONAL NAME
Personal name Giorgetti, Armando,
Relator term autor
9 (RLIN) 10070
245 13 - TITLE STATEMENT
Title La evasión tributaria /
Statement of responsibility, etc. Armando Giorgetti ; traducción de Antonio Scarano
250 ## - EDITION STATEMENT
Edition statement Segunda edición
260 ## - PUBLICATION, DISTRIBUTION, ETC.
Place of publication, distribution, etc. Buenos Aires :
Name of publisher, distributor, etc. Ediciones Depalma,
Date of publication, distribution, etc. 1967
300 ## - PHYSICAL DESCRIPTION
Extent 425 páginas ;
Dimensions 23 cm.
500 ## - GENERAL NOTE
General note Incluye notas a pie de página.
504 ## - BIBLIOGRAPHY, ETC. NOTE
Bibliography, etc. note Bibliografía: páginas 421-425
505 0# - FORMATTED CONTENTS NOTE
Formatted contents note Características particulares de la evasión tributaria y los problemas conexos con el fenómeno -- La carga tributaria y la evasión en la historia y en el derecho de la antigüedad
534 ## - ORIGINAL VERSION NOTE
Introductory phrase L´evasione tributaria
546 ## - LANGUAGE NOTE
Language note Traducido del Italiano
650 14 - SUBJECT ADDED ENTRY--TOPICAL TERM
Topical term or geographic name entry element Impuestos
9 (RLIN) 10071
650 14 - SUBJECT ADDED ENTRY--TOPICAL TERM
Topical term or geographic name entry element Evasión de impuestos
9 (RLIN) 10072
700 ## - ADDED ENTRY--PERSONAL NAME
Personal name Scarano, Antonio,
Relator term traductor
9 (RLIN) 10073
942 ## - ADDED ENTRY ELEMENTS (KOHA)
Source of classification or shelving scheme Dewey Decimal Classification
Koha item type Books
Existencias
Withdrawn status Lost status Source of classification or shelving scheme Damaged status Not for loan Collection code Home library Current library Date acquired Source of acquisition Full call number Barcode Date last seen Copy number Koha item type
    Dewey Decimal Classification     Non-fiction Biblioteca Pública José María del Castillo y Rada Biblioteca Pública José María del Castillo y Rada 04/15/2018 Donación 364.133 / G367e 430011273 05/16/2024 Ej.1 Books